Las tierras negras del extremo sur de España y sus yacimientos paleolíticos / (Record no. 174141)
[ view plain ]
| 000 -LEADER | |
|---|---|
| campo de control de longitud fija | 01490namaa2200325 i 4500 |
| 001 - NÚMERO DE CONTROL | |
| campo de control | 174141 |
| 003 - IDENTIFICADOR DE NÚMERO DE CONTROL | |
| campo de control | ES-MaACL |
| 005 - FECHA Y HORA DE LA ÚLTIMA TRANSACCIÓN | |
| campo de control | 20250815105802.0 |
| 008 - DATOS DE LONGITUD FIJA--INFORMACIÓN GENERAL | |
| campo de control de longitud fija | 100224s1915 sp | |||| ||spa d |
| 040 ## - FUENTE DE CATALOGACIÓN | |
| Centro catalogador/agencia de origen | SpMaBN |
| Lengua de catalogación | spa |
| Centro/agencia transcriptor | SpMaBN |
| Normas de descripción | rdc |
| 080 ## - NÚMERO DE LA CLASIFICACIÓN DECIMAL UNIVERSAL | |
| Número de la Clasificación Decimal Universal | 551.7(460.355) |
| 080 ## - NÚMERO DE LA CLASIFICACIÓN DECIMAL UNIVERSAL | |
| Número de la Clasificación Decimal Universal | 903.01(460.355) |
| 080 ## - NÚMERO DE LA CLASIFICACIÓN DECIMAL UNIVERSAL | |
| Número de la Clasificación Decimal Universal | 903(460.355) |
| 080 ## - NÚMERO DE LA CLASIFICACIÓN DECIMAL UNIVERSAL | |
| Número de la Clasificación Decimal Universal | 631.416(64) |
| 080 ## - NÚMERO DE LA CLASIFICACIÓN DECIMAL UNIVERSAL | |
| Número de la Clasificación Decimal Universal | 55(64) |
| 100 1# - ENTRADA PRINCIPAL--NOMBRE DE PERSONA | |
| Nombre de persona | Hernández-Pacheco, Eduardo, |
| Fechas asociadas al nombre | 1872-1965 |
| 9 (RLIN) | 63012 |
| 245 14 - MENCIÓN DEL TÍTULO | |
| Título | Las tierras negras del extremo sur de España y sus yacimientos paleolíticos / |
| Mención de responsabilidad, etc. | por Eduardo Hernandez-Pacheco. Las tierras negras de Marruecos / por Juan Dantín. |
| 260 ## - PUBLICACIÓN, DISTRIBUCIÓN, ETC. | |
| Lugar de publicación, distribución, etc. | Madrid : |
| Nombre del editor, distribuidor, etc. | Junta para Ampliación de Estudios e Investigaciones Científicas, |
| Fecha de publicación, distribución, etc. | 1915 ( |
| Fabricante | Tip. de Fortanet) |
| 300 ## - DESCRIPCIÓN FÍSICA | |
| Extensión | 37 p., III h. de lám., [1] h. de map. pleg. : |
| Otras características físicas | il. ; |
| Dimensiones | 23 cm. |
| 490 1# - MENCIÓN DE SERIE | |
| Mención de serie | Trabajos del Museo Nacional de Ciencias Naturales. Serie geológica ; |
| Designación de volumen o secuencia | 13 |
| 650 #4 - PUNTO DE ACCESO ADICIONAL DE MATERIA--TÉRMINO DE MATERIA | |
| Término de materia o nombre geográfico como elemento de entrada | Estratigrafía- |
| Subdivisión geográfica | Cádiz (Provincia) |
| 9 (RLIN) | 142222 |
| 650 #4 - PUNTO DE ACCESO ADICIONAL DE MATERIA--TÉRMINO DE MATERIA | |
| Término de materia o nombre geográfico como elemento de entrada | Excavaciones arqueológicas- |
| Subdivisión geográfica | Cádiz (Provincia) |
| 9 (RLIN) | 142223 |
| 650 #4 - PUNTO DE ACCESO ADICIONAL DE MATERIA--TÉRMINO DE MATERIA | |
| Término de materia o nombre geográfico como elemento de entrada | Geología- |
| Subdivisión geográfica | Marruecos. |
| 9 (RLIN) | 142224 |
| 700 1# - ENTRADA AGREGADA--NOMBRE PERSONAL | |
| Nombre de persona | Dantín Cereceda, Juan, |
| Fechas asociadas al nombre | 1881-1943 |
| 9 (RLIN) | 42666 |
| 710 2# - ENTRADA AGREGADA--NOMBRE DE ENTIDAD CORPORATIVA | |
| Nombre de entidad corporativa o nombre de jurisdicción como elemento de entrada | Junta para la Ampliación de Estudios e Investigaciones Científicas. |
| 9 (RLIN) | 5413 |
| 740 4# - ENTRADA AGREGADA--TÍTULO RELACIONADO/ANALÍTICO NO CONTROLADO | |
| Título relacionado o analítico no controlado | Las tierras negras de Marruecos. |
| 830 00 - PUNTO DE ACCESO ADICIONAL DE SERIE-TÍTULO UNIFORME | |
| Título uniforme | Trabajos del Museo Nacional de Ciencias Naturales. |
| Nombre de parte o sección de la obra | Serie geológica |
| Designación de volumen o secuencia | 13 |
| 9 (RLIN) | 189286 |
| 852 ## - LOCALIZACIÓN | |
| Ubicación | ES-MaACL |
| Número de control de estantería | B-13128(1) |
| Nota libre | .- Encuadernado con otras obras |
| Estatus retirado | Estado de pérdida | Estado de daño | No para préstamo | Biblioteca de origen | Biblioteca actual | Ubicación en estantería | Fecha de adquisición | Fuente de adquisición | Total de préstamos | Signatura topográfica completa | Código de barras | Visto por última vez | Precio de reemplazo | Tipo de ítem Koha |
|---|---|---|---|---|---|---|---|---|---|---|---|---|---|---|
| Biblioteca del Ateneo de Madrid | Biblioteca del Ateneo de Madrid | Sala Pardo Bazán | 24/02/2010 | B-13128(1) | 1182792 | 23/02/2023 | 23/02/2023 | Libro impreso |
